000 00478nam a2200157Ia 4500
005 20250424103400.0
008 231217s9999 xx 000 0 und d
020 _a9780230527270
082 _a658.8 MIC;1 R
100 _aMichel, Daniel Naude, Peter Salle, Robert et al
245 0 _aBusiness to business marketing : strategics and implementation
260 _c2000
_bPalgrave Macmilan
_aNew York
300 _axviii+469
500 _aContent page available
942 _cAA
999 _c179890
_d179890